000 00829nam a2200265Ia 4500
005 20220706142617.0
008 131103s9999 xx 000 0 und d
020 _a8178290030
_cRs. 450
040 _aLoreto College
041 _aEnglish
082 _a305.56
_bSIN
245 _aSocial development and the empowerment of marginalised groups
_b Perspectives and strategies
_cEdited by Debal K. SinghaRoy
260 _aNew Delhi
_bSage Publications India Pvt. Ltd
_c2001
300 _a248p, 22 cm.
504 _aIncludes bibliographical references and index
630 _aAlienated Classes
630 _aExcluded Classes
630 _aLower Classes
630 _aMarginalised Classes
650 _aSocial Groups
651 _aSocial Classes
700 _aSinghaRoy, Debal K., ed
850 _aLCLIB
942 _cBK
999 _c2446
_d52925